El gran Gatsby

Guardat en:
Dades bibliogràfiques
Autor principal: Fitzgerald, Francis Scott (Autor)
Format: Llibre
Idioma:espanyol
Publicat: Santiago Andrés Bello 1984
Edició:3a. ed
Matèries:
Etiquetes: Afegir etiqueta
Sense etiquetes, Sigues el primer a etiquetar aquest registre!

MARC

LEADER 00000cam a2200000 a 4500
001 UCE7388
003 CL-VaPUC
008 150605e19840000cl |||||||||||||||||spa|d
082 0 4 |a 813  |b FIT  |2 21 
100 0 |a Fitzgerald, Francis Scott  |e author  |9 371937 
245 1 3 |a El gran Gatsby 
250 |a 3a. ed 
300 |a 172 p 
942 |c BK 
945 |d 20150605 14:50:00  |a gsalatino 
260 |a Santiago  |b Andrés Bello  |c 1984 
650 0 |a Novelas estadounidenses  |9 265217 
583 |a last modification  |c 20150605 14:50:00  |k Rodrigo Vera 
999 |c 359483  |d 359481 
952 |0 0  |1 0  |3 erb  |4 0  |6 813_000000000000000_FIT_1984  |7 0  |8 P  |9 468683  |a BIBEDU  |b BIBEDU  |c BIBEDU_PB  |e Villagrán Garnham, Jorge  |i 5177030  |o 813 FIT 1984  |p 5177030  |r 2024-01-25  |w 2019-11-23  |y BK  |z Catalogado en:20150605  |k LIT